000 00658nam a2200217 4500
001 124210
003 ES-MaACL
005 20230906192339.0
007 t|
008 070214s1957 sp r ||||1| spa d
100 1 _aRedondo, Luis.
_995818
245 1 3 _aEl Requeté
_b: (la tradición no muere) /
_cGeneral Luis Redondo y Comandante Juan de Zavala.
250 _a1ª ed.
260 _aBarcelona :
_bA.H.R.,
_c1957.
300 _a556 p., 17 lám. ;
_c19 cm.
490 1 _aLa epopeya y sus héroes
700 1 _aZavala, Juan de.
_9118106
830 0 _aLa epopeya y sus héroes
_9182575
852 _aES-MaACL
_jC-12915
_bR.41043
999 _c124210
_d124210